000 01231pam a2200325 a 4500
005 20260322212053.0
008 data
010 _a 93035547
020 _a1555426050
020 _a9781555426057
040 _aDLC
_cDLC
_dDLC
043 _an-us---
050 0 0 _aJK1764
_b.L36 1994
082 0 0 _a323/.042/0973
_220
092 _a323.042 L36 1994
100 1 _aLappé, Frances Moore.
245 1 4 _aThe quickening of America :
_brebuilding our nation, remaking our lives /
_cFrances Moore Lappé & Paul Martin Du Bois.
250 _a1st ed.
260 _aSan Francisco :
_bJossey-Bass Publishers,
_cc1994.
300 _axiv, 338 p. :
_bill. ;
_c24 cm.
504 _aIncludes bibliographical references (p. 317-325) and index.
650 0 _aPolitical participation
_zUnited States.
650 0 _aDemocracy
_zUnited States.
650 0 _aSocial participation
_zUnited States.
700 1 _aDu Bois, Paul Martin,
_d1945-
856 4 2 _3Contributor biographical information
_uhttp://www.loc.gov/catdir/bios/wiley043/93035547.html
856 4 2 _3Publisher description
_uhttp://www.loc.gov/catdir/description/wiley035/93035547.html
856 4 _3Table of Contents
_uhttp://www.loc.gov/catdir/toc/onix07/93035547.html
001 data
999 _c1255
_d1255